| 000 -LEADER |
| fixed length control field |
01047cam a22002538i 4500 |
| 001 - CONTROL NUMBER |
| control field |
19522291 |
| 005 - DATE AND TIME OF LATEST TRANSACTION |
| control field |
20221105212828.0 |
| 008 - FIXED-LENGTH DATA ELEMENTS--GENERAL INFORMATION |
| fixed length control field |
170224s2018 nyu b 001 0 eng |
| 020 ## - INTERNATIONAL STANDARD BOOK NUMBER |
| International Standard Book Number |
9780134449906 (hardcover) 1 |
| 040 ## - CATALOGING SOURCE |
| Original cataloging agency |
DLC |
| Language of cataloging |
eng |
| Description conventions |
rda |
| Transcribing agency |
DLC |
| 041 ## - LANGUAGE CODE |
| Language code of text/sound track or separate title |
eng |
| 080 ## - UNIVERSAL DECIMAL CLASSIFICATION NUMBER |
| Universal Decimal Classification number |
616.89 K-24 |
| 100 1# - MAIN ENTRY--PERSONAL NAME |
| Personal name |
Kauffman, James M., |
| Relator term |
|
| 9 (RLIN) |
10585 |
| 245 10 - TITLE STATEMENT |
| Title |
Characteristics of emotional and behavioral disorders of children and youth / |
| Statement of responsibility, etc. |
James M. Kauffman, University of Virginia, Timothy J. Landrum, University of Louisville. |
| 250 ## - EDITION STATEMENT |
| Edition statement |
Eleventh edition. |
| 263 ## - PROJECTED PUBLICATION DATE |
| Projected publication date |
1703 |
| 264 #1 - PRODUCTION, PUBLICATION, DISTRIBUTION, MANUFACTURE, AND COPYRIGHT NOTICE |
| Place of production, publication, distribution, manufacture |
New York, NY : |
| Name of producer, publisher, distributor, manufacturer |
Pearson, |
| Date of production, publication, distribution, manufacture, or copyright notice |
[2018] |
| 300 ## - PHYSICAL DESCRIPTION |
| Extent |
446 pages; |
| Other physical details |
24 cm. |
| 504 ## - BIBLIOGRAPHY, ETC. NOTE |
| Bibliography, etc. note |
bibliographical p. 357-403 |
| 653 ## - INDEX TERM--UNCONTROLLED |
| keyword |
ბავშვთა და ახალგაზრდობის ემოციური და ქცევითი აშლილობების მახასიათებლები |
| 653 ## - INDEX TERM--UNCONTROLLED |
| keyword |
მედიცინა |
| 700 1# - ADDED ENTRY--PERSONAL NAME |
| Personal name |
Landrum, Timothy J., |
| Relator term |
ავტორი |
| 9 (RLIN) |
10586 |
| 942 ## - ADDED ENTRY ELEMENTS (KOHA) |
| Source of classification or shelving scheme |
|
| Koha item type |
წიგნი |